000 00680nam a22002297a 4500
003 UA-OsUOA
001 38910
007 ta
008 20060601b un ||||| |||| 00| 0 ukr d
100 _aЛихачев Д.С.
090 _a81'42
_bЛ65
942 _cBK
040 _aUA-OsUOA
_brus
_cUA-OsUOA
_dUA-OsUOA
245 _aТекстология
_bНа материале русской литературы Х-ХVІІ вв.
300 _a605 с.
955 _a1
041 _arus
080 _a81'42
260 _aМ.
_c1962
650 7 _a8 Мовознавство. Художня література. Літературознавство
_2UDC
999 _c325048
_d325048